| 000 | 00440nam a22001817a 4500 | ||
|---|---|---|---|
| 003 | CEME | ||
| 005 | 20210628205140.0 | ||
| 008 | 210301b xxu||||| |||| 00| 0 eng d | ||
| 020 | _a0-7135-1381-0 | ||
| 040 | _c. | ||
| 082 | _a541 LIP'M | ||
| 100 |
_aWalker, G. R Liptrot, G. F _974178 |
||
| 245 | _aModern physical chemistry | ||
| 260 |
_aENGLAND _bELBS _c1986 |
||
| 300 | _a371P | ||
| 650 |
_a ACC NO-30788 _974179 |
||
| 942 |
_cBK _2ddc |
||
| 999 |
_c579734 _d579734 |
||